Mexico geography A-Z - Statistics

General Stats
  • This quiz has been taken 22 times
  • The average score is 12 of 26
Answer Stats
Questions Answer % Correct
A) Powerful empire that ruled Mexico until the Spanish conquest in the 1500s Aztec
95%
B) This peninsula stretches into the Pacific oceansouth of California, Baja California
90%
G) Tequila is exclusively made in this major Mexican city Guadalajara
85%
W) Baja California is located _____ of mainland Mexico west
75%
C) Major city in northern Mexico across the borderfrom El Paso, Texas Ciudad Juarez
70%
J) Historic western Mexican state where tequila and Mariachioriginated from Jalisco
70%
Y) Southeastern Mexican state on the Gulf, known for its Mayan ruins suchas Chichen Itza Yucatan
70%
F) There are 31 _____ states that make up Mexico, not includingthe capital Federal
65%
O) Southern Mexican city and state known for its cuisine, particularlyits cheese Oaxaca
65%
T) Ancient capital of the Aztec empire on what is now Mexico City Tenochtitlan
55%
D) Historic capital of the central Mexican state with the same name. Known for its famous Baroque architecture Durango
45%
H) Central mountainous state north of Mexico City, Pachucais its capital Hidalgo
45%
P) Major resort city in the north part of Jalisco state, known for itsextensive beaches Puerto Vallarta
45%
V) Historic port city on the Gulf of Mexico in the state with the same name Veracruz
45%
L) Most populous city in the Guanajuato state Leon
40%
N) Small western Mexican state on the Pacific coast, north of Jalisco. Its capital is Tepic Nayarit
40%
Q) This Aztec God was the patron saint of ancient Aztec priesthood,the feathered serpent Quetzalcoatl
40%
Z) Historic, mountainous city in central Mexico that was once abooming silver mining hub Zacatecas
40%
E) Major borough of Mexico city, known for the Morelos Museumand Mexicos busiest shopping center Ecatepec
35%
S) Desert state in northwestern Mexico bordering Arizona, its capitalis Hermosillo Sonora
35%
M) Historic resort city on the Pacific coast of the Sinaloa state Mazatlan
30%
R) Northern Mexican city across the Rio Grandeborder from McAllen, Texas Reynosa
20%
X) Borough south of Mexico City with colorful gondolas and ruins of Aztec waterways Xochimilco
20%
K) Small town in Durango, translates to "40 kilometers" Kilometro 40
15%
I) This borough is the most populous of Mexico city, a major agricultural and industrial area Iztapalapa
10%
U) City in the northern part of Yucatan state in southern Mexico,translates to "purchase" in Yucatec Mayan Uman
0%
No matching quizzes found
Score Distribution
Percent of People with Each Score
Percentile by Number Answered
Your Score History
You have not taken this quiz